banner koha

Imaginação da terra : (Registro n. 553)

MARC details
000 -LÍDER
Campo de controle fixo 00983nam a22002897a 4500
001 - NÚMERO DE CONTROLE
Número de controle BS2023000005
003 - CÓDIGO MARC DA AGÊNCIA CATALOGADORA
Campo de controle BR-BrBNA
005 - DATA E HORA DA ÚLTIMA ATUALIZAÇÃO
Campo de controle 20230322101820.0
008 - CAMPO DE TAMANHO FIXO
Campo fixo de controle 230308b2013 |||||||| |||| 00| 0 por d
020 ## - ISBN - INTERNATIONAL STANDARD BOOK NUMBER
ISBN 978-85-423-0007-9
040 ## - FONTE DA CATALOGAÇÃO
Agência catalogadora BR-BrBNA
Idioma da catalogação por
041 ## - CÓDIGO DO IDIOMA
Código do Idioma por
072 ## - CATEGORIA DE CLASSIFICAÇÃO
Código da categoria de assunto B51
100 ## - ENTRADA PRINCIPAL - NOME PESSOAL
Código de relação org.
Nome pessoal Starling, Heloisa Maria Murgel
100 ## - ENTRADA PRINCIPAL - NOME PESSOAL
Código de relação org.
Nome pessoal Borges, Augusto Carvalho
245 ## - TÍTULO PRINCIPAL
Título principal Imaginação da terra :
Subtítulo Memória e utopia no cinema brasileiro /
Indicação de responsabilidade Heloisa Maria Murgel Starling; Augusto Carvalho Borges.
260 ## - IMPRENTA (PUBLICAÇÃO, DISTRIBUIÇÃO, ETC.)
Lugar de publicação, distribuição, etc. Belo Horizonte:
Nome do editor, distribuidor, etc. Editora UFMG,
Data de publicação, distribuição, etc 2013
300 ## - DESCRIÇÃO FÍSICA
Extensão 248p.
500 ## - NOTA GERAL
Notas gerais Textos apresentados no Seminário " Imaginação da terra: memória e utopia na canção popular e no cinema brasileiro" realizado em Belo horizonte 2008.
650 ## - ASSUNTO
Cabeçalho tópico ou nome geográfico CINEMA BRASILEIRO
650 ## - ASSUNTO
Cabeçalho tópico ou nome geográfico HISTÓRIA
650 ## - ASSUNTO
Cabeçalho tópico ou nome geográfico CONGRESSOS
650 ## - ASSUNTO
Cabeçalho tópico ou nome geográfico MEMÓRIA
909 ## - IDENTIFICAÇÃO DO CATALOGADOR
Ano e mês da catalogação (aaaamm) 202303
Identificação do catalogador MARIA
909 ## - IDENTIFICAÇÃO DO CATALOGADOR
-- 62
-- Maria Neves
942 ## - TIPO ESPECÍFICO
Tipo de material Livros
Exemplares
Status de empréstimo Fonte de classificação Status de danificação Não pode ser emprestado Código da coleção Localização permanente Localização atual Localização na estante Total Checkouts Número de chamada Código de barras Date last seen Tipo de material Perdido Data de aquisição Fonte de aquisição Qualificador de localização codificada Preço Número de inventário Preço para reposição Preço efetivo a partir de
  Classificação AGRIS     Acervo Cultural Biblioteca Nacional de Agricultura - Binagri Biblioteca Nacional de Agricultura - Binagri Acervo Cultural   B51 BS2023000005 2023-0008 08/03/2023 Livros                

BINAGRI

Telefone: (61)3218-2567/2388/3357/2097 - binagri@agro.gov.br

Ministério da Agricultura e Pecuária , Esplanada dos Ministérios, Bloco D, Anexo B, Brasília/DF, CEP: 70.043-900